| 000 | 00813nam a22002655a 4500 | ||
|---|---|---|---|
| 008 | 150824t2005 N a f b 001 0 eng d | ||
| 010 | _a 2003066351 | ||
| 020 | _a0131439944 | ||
| 022 | _a0131272721 | ||
| 040 |
_aEG-ScBUE _beng _cEG-ScBUE |
||
| 082 | 0 | 4 |
_a658 _bROB _222 |
| 100 | 1 | _aRobbins, Stephen P., | |
| 245 | 1 | 0 |
_aManagement / _cStephen P. Robbins, Mary Coulter. |
| 250 | _a8th ed., International ed. | ||
| 260 |
_aUpper Saddle River : _bPearson Prentice Hall, _cc.2005. |
||
| 300 |
_axxxi, 608 p. : _bill. (chiefly col.) ; _c29 cm. |
||
| 500 | _aIncludes indexes. | ||
| 504 | _aBibliography :p. 539-575 | ||
| 590 | _aMenna elemam | ||
| 650 | 0 |
_aManagement. _2BUEsh |
|
| 651 | _2BUEsh | ||
| 653 |
_bBUSADM _cAugust2015 |
||
| 700 | 1 | _aCoulter, Mary K. | |
| 942 |
_cBB _k658 ROB _2ddc |
||
| 999 |
_c4144 _d4144 |
||